000 00344nam a2200145Ia 4500
008 230917s9999||||xx |||||||||||||| ||und||
040 _e184540
_aMAIN
041 _aEnglish
082 _a294.5926 Y26D
100 _aYashoda
245 0 _aDharamsutra-sahitya ka samalochanatmak adhyayan
260 _c2009
300 _a360 p.
942 _cTH
999 _c125336
_d125336